Interkultúrna komunikácia vo výučbe španielčiny

Interkultúrna komunikácia je fenoménom súčasnosti, aplikuje sa vo všetkých oblastiach života spoločnosti a prináša so sebou okrem iného aj potrebu aktívneho dorozumenia sa v cudzích jazykoch. Španielsky jazyk je osobitne vhodným príkladom prostriedku interkultúrnej komunikácie, pretože funguje ako z...

Descrizione completa

Salvato in:
Dettagli Bibliografici
Autore principale: Puchovský, Maroš
Natura: Capitolo di libro
Lingua:slovacco
Soggetti:
Tags: Aggiungi Tag
Nessun Tag, puoi essere il primo ad aggiungerne!!

MARC

LEADER 00000nla$a2200000$$$4500
001 0130390
005 20240502072508.1
041 0 |a slo 
044 |a SK 
245 1 0 |a Interkultúrna komunikácia vo výučbe španielčiny  |c Maroš Puchovský 
520 |a Interkultúrna komunikácia je fenoménom súčasnosti, aplikuje sa vo všetkých oblastiach života spoločnosti a prináša so sebou okrem iného aj potrebu aktívneho dorozumenia sa v cudzích jazykoch. Španielsky jazyk je osobitne vhodným príkladom prostriedku interkultúrnej komunikácie, pretože funguje ako zjednocujúci prvok latinskoamerickej civilizácie a je zároveň jeho spojivom s Európou a inými časťami sveta. 
610 2 0 |a jazyky cudzie 
610 2 0 |a komunikácia multikultúrna 
610 2 0 |a vzdelávanie 
610 2 0 |a španielčina 
100 1 |a Puchovský, Maroš